[Event "Festival A"]
[Site "Santa Flavia ITA"]
[Date "1997.08.17"]
[Round "2"]
[White "Tripodo, Roberto"]
[Black "Farina, Saverio"]
[Result "1/2-1/2"]
[WhiteElo "1735"]
[BlackElo "2195"]
[PlyCount "29"]
[EventDate "1997.08.16"]

1.e4 e6 2.d4 d5 3.exd5 exd5 4.Nf3 Nf6 5.h3 Be7 6.Bd3 O-O 7.O-O c5 8.c3 Nc6
9.Be3 Qb6 10.b3 Ne4 11.Qc2 Bf5 12.Re1 Rfe8 13.Nbd2 cxd4 14.Nxd4 Nxd4 15.
Bxd4 1/2-1/2

[Event "Festival A"]
[Site "Santa Flavia ITA"]
[Date "1997.08.18"]
[Round "3"]
[White "Bonaccorsi, Fabrizio"]
[Black "Gueci, Riccardo"]
[Result "0-1"]
[WhiteElo "2130"]
[BlackElo "2150"]
[PlyCount "76"]
[EventDate "1997.08.16"]

1.e4 d6 2.d4 Nf6 3.Bd3 e5 4.c3 Be7 5.Nf3 Nbd7 6.O-O O-O 7.Nbd2 c6 8.a4 a5 
9.Nc4 Qc7 10.Bg5 Re8 11.Re1 Bf8 12.Qb3 Nh5 13.Ne3 h6 14.Bh4 Nf4 15.Bc4 Nb6
16.Bg3 Nxc4 17.Qxc4 Qe7 18.d5 c5 19.Rad1 b6 20.Qb3 Bd7 21.c4 Qf6 22.Qc2 g6
23.Ra1 Bg7 24.Rad1 g5 25.Nf5 h5 26.Nxg7 Kxg7 27.b3 Nh3+ 28.Kh1 h4 29.Qe2 
Bg4 30.Qe3 hxg3 31.fxg3 Bxf3 32.Rf1 Bxg2+ 33.Kxg2 Qh6 34.Qf3 Ra7 35.Qg4 
Rh8 36.Rf5 f6 37.Rdf1 Nf4+ 38.gxf4 Qxh2+ 0-1

[Event "Festival A"]
[Site "Santa Flavia ITA"]
[Date "1997.08.18"]
[Round "3"]
[White "Cerrato, Roberto"]
[Black "Passerotti, Pierluigi"]
[Result "0-1"]
[WhiteElo "1704"]
[BlackElo "2310"]
[PlyCount "126"]
[EventDate "1997.08.16"]

1.d4 f5 2.Nf3 Nf6 3.Bf4 d6 4.e3 e6 5.h3 Nc6 6.Be2 Qe7 7.Bh2 Bd7 8.Nbd2 g6 
9.O-O Bg7 10.c4 O-O 11.Nb3 Nd8 12.c5 Nf7 13.cxd6 cxd6 14.Rc1 Rfc8 15.Qd3 
e5 16.Qb1 Bc6 17.Na5 Be4 18.Qa1 Ne8 19.Rxc8 Rxc8 20.Rc1 Rc7 21.Nb3 Bd5 22.
Rxc7 Qxc7 23.Qc1 a6 24.Qxc7 Nxc7 25.Kf1 Ne6 26.dxe5 dxe5 27.Nfd2 e4 28.Nc4
Kf8 29.a4 Ke7 30.Nbd2 b5 31.axb5 axb5 32.Nb6 Bc6 33.Nc8+ Kd7 34.Na7 Bxb2 
35.Bxb5 Bxb5+ 36.Nxb5 Kc6 37.Nc4 Bf6 38.Nbd6 Nxd6 39.Nxd6 Kd5 40.Ke2 Bd8 
41.Nb5 Kc5 42.Nd6 Be7 43.Nf7 Kd5 44.Bg3 Nc5 45.h4 Nd3 46.Ng5 Bxg5 47.hxg5 
Nc5 48.f4 Nd3 49.Bh4 Kc4 50.Kd2 Kb3 51.Bg3 Nb2 52.Ke2 Kc2 53.Be1 Nd1 54.
Ba5 Nc3+ 55.Kf2 Kd3 56.Bb6 Nd1+ 57.Ke1 Nxe3 58.g3 Nc2+ 59.Kf1 e3 60.Ba5 
e2+ 61.Kf2 e1=Q+ 62.Bxe1 Nxe1 63.Kxe1 Ke3 0-1

[Event "Festival A"]
[Site "Santa Flavia ITA"]
[Date "1997.08.18"]
[Round "3"]
[White "Galioto, Natale"]
[Black "Botham, Christopher Paul"]
[Result "1/2-1/2"]
[WhiteElo "1822"]
[BlackElo "2095"]
[PlyCount "84"]
[EventDate "1997.08.16"]

1.e4 Nf6 2.Nc3 d5 3.exd5 Nxd5 4.Bc4 Nb6 5.Bb3 Nc6 6.Nf3 g6 7.Ng5 e6 8.d3 
Bg7 9.O-O O-O 10.Re1 Nd4 11.Nge4 h6 12.Be3 a5 13.Na4 Nd5 14.Bxd5 exd5 15.
Ng3 b6 16.Qd2 Kh7 17.Nc3 c5 18.Bf4 Ne6 19.Nb5 Nxf4 20.Qxf4 Qd7 21.a4 Bb7 
22.Qd6 Qxd6 23.Nxd6 Bc8 24.Nxc8 Raxc8 25.Re7 Rc6 26.Rae1 Bxb2 27.Rd7 Bf6 
28.Rxd5 Rd8 29.Rxd8 Bxd8 30.Re8 Bf6 31.Ne4 Kg7 32.Kf1 c4 33.Ke2 cxd3+ 34.
Kxd3 Bg5 35.Rb8 Bf4 36.Rb7 g5 37.c4 Kg6 38.Nc3 Bd6 39.Nd5 Bc5 40.Ne7+ Bxe7
41.Rxe7 Kf6 42.Rb7 Ke6 1/2-1/2

[Event "Festival A"]
[Site "Santa Flavia ITA"]
[Date "1997.08.18"]
[Round "3"]
[White "Livecchi, Dario"]
[Black "Karayiannis, Costas"]
[Result "1/2-1/2"]
[WhiteElo "1884"]
[BlackElo "2175"]
[PlyCount "61"]
[EventDate "1997.08.16"]

1.e4 c5 2.Nf3 Nc6 3.d4 cxd4 4.Nxd4 Nf6 5.Nc3 e5 6.Ndb5 d6 7.Bg5 a6 8.Na3 
b5 9.Nd5 Be7 10.Bxf6 Bxf6 11.c3 Bb7 12.Nc2 Nb8 13.Nce3 Bg5 14.Bd3 Nd7 15.
a4 bxa4 16.Bc2 O-O 17.Nf5 Bxd5 18.Qxd5 Nb6 19.Qd3 g6 20.h4 Be7 21.Nxe7+ 
Qxe7 22.h5 Nd7 23.Rd1 Nc5 24.Qxd6 Qxd6 25.Rxd6 Rab8 26.Rc6 Rxb2 27.Rxc5 
Rxc2 28.O-O f5 29.Rxe5 Rxc3 30.hxg6 hxg6 31.Re6 1/2-1/2

[Event "Festival A"]
[Site "Santa Flavia ITA"]
[Date "1997.08.18"]
[Round "3"]
[White "Ljubisavljevic, Zivojin Z."]
[Black "Povah, Nigel E."]
[Result "0-1"]
[WhiteElo "2305"]
[BlackElo "2325"]
[PlyCount "144"]
[EventDate "1997.08.16"]

1.d4 Nf6 2.c4 e6 3.Nf3 c5 4.g3 cxd4 5.Nxd4 d5 6.Bg2 e5 7.Nc2 d4 8.O-O Nc6 
9.Bg5 Be7 10.Nd2 a5 11.Ne1 O-O 12.Nd3 h6 13.Bxf6 Bxf6 14.b3 Re8 15.a3 Bf5 
16.Ne4 Be7 17.c5 Be6 18.Nd2 f5 19.Bxc6 bxc6 20.Nxe5 Bxc5 21.Qc2 Qd5 22.Nd3
Bd6 23.b4 f4 24.Rfc1 fxg3 25.hxg3 Rac8 26.Nf3 Qh5 27.Qd1 Bd5 28.Nde1 axb4 
29.axb4 Bxb4 30.Qxd4 Bxe1 31.Rxe1 Rxe2 32.Nh4 Rce8 33.Rxe2 Qxe2 34.Qc3 Qg4
35.Kh2 Re2 36.Ra8+ Kh7 37.Qd3+ Be4 38.Qd4 Re1 39.Ra1 Rxa1 40.Qxa1 Qe2 41.
Qd4 Qc2 42.g4 c5 43.Qe3 c4 44.Ng2 Qd3 45.Nf4 Qxe3 46.fxe3 c3 47.Kg3 c2 48.
Ne2 Kg6 49.Kf4 Bd3 50.Nc1 Bc4 51.Ke5 Kg5 52.Kd4 Bg8 53.e4 Kxg4 54.Kd3 Kf3 
55.e5 Bh7+ 56.Kd2 Bf5 57.Ne2 h5 58.Nd4+ Ke4 59.Nxc2 Kxe5 60.Ne3 Kf4 61.Ke2
Be4 62.Kf2 g5 63.Nf1 h4 64.Kg1 Bd3 65.Nd2 Kg3 66.Kh1 Kf2 67.Kh2 g4 68.Ne4+
Ke3 69.Nf6 g3+ 70.Kh3 Kf3 71.Nh5 Bf1+ 72.Kxh4 g2 0-1

[Event "Festival A"]
[Site "Santa Flavia ITA"]
[Date "1997.08.18"]
[Round "3"]
[White "Mazzilli, Piero"]
[Black "Caizzone, Vito"]
[Result "1-0"]
[WhiteElo "1768"]
[BlackElo "2016"]
[PlyCount "93"]
[EventDate "1997.08.16"]

1.e4 e6 2.Nf3 d5 3.Nc3 Nf6 4.exd5 exd5 5.d4 Bd6 6.Bd3 O-O 7.O-O Bg4 8.Bg5 
c6 9.Re1 Nbd7 10.h3 Bh5 11.g4 Bg6 12.Ne5 Qc7 13.f4 Bxd3 14.Qxd3 Ne8 15.Qf3
Nb6 16.Bh4 Bb4 17.f5 Nf6 18.Bxf6 gxf6 19.Nd3 Bd6 20.Ne2 Nc4 21.b3 Nd2 22.
Qe3 Ne4 23.Nef4 h6 24.Nh5 Kh7 25.Nf2 Be7 26.Nxe4 dxe4 27.Qxe4 Rae8 28.Re2 
Bd8 29.Qd3 Rxe2 30.Qxe2 Qd7 31.Qd2 Re8 32.Kf2 Qd6 33.Qf4 Qd5 34.c4 Qa5 35.
c5 Qc3 36.Rd1 Qb2+ 37.Qd2 Qa3 38.h4 b6 39.g5 bxc5 40.g6+ fxg6 41.fxg6+ 
Kxg6 42.Rg1+ Kf7 43.Rg7+ Kf8 44.Rd7 Kg8 45.Qc2 f5 46.Qc4+ Kh8 47.Rh7+ 1-0

[Event "Festival A"]
[Site "Santa Flavia ITA"]
[Date "1997.08.18"]
[Round "3"]
[White "Messina, Giuseppe Ottavio"]
[Black "Gambardella, Piero"]
[Result "1-0"]
[WhiteElo "1726"]
[BlackElo "1692"]
[PlyCount "61"]
[EventDate "1997.08.16"]

1.e4 e6 2.d4 d5 3.Nc3 Bb4 4.e5 c5 5.Bd2 Ne7 6.Nb5 Bxd2+ 7.Qxd2 O-O 8.f4 
cxd4 9.Nf3 Nbc6 10.Bd3 f6 11.O-O Qb6 12.Kh1 Bd7 13.a4 a5 14.c3 dxc3 15.
bxc3 fxe5 16.fxe5 Nf5 17.Rae1 Nce7 18.g4 Bxb5 19.Bxb5 Nh6 20.h3 Ng6 21.Bd3
Nf7 22.Bxg6 hxg6 23.Qc2 Rac8 24.Rc1 Qe3 25.Kg2 Rc4 26.Qxg6 Nxe5 27.Qxe6+ 
Kh8 28.Nxe5 Qe2+ 29.Kg3 Rxc3+ 30.Rxc3 Qxf1 31.Ng6+ 1-0

[Event "Festival A"]
[Site "Santa Flavia ITA"]
[Date "1997.08.18"]
[Round "3"]
[White "Messina, Igor"]
[Black "Ruzza, Claudio"]
[Result "1-0"]
[WhiteElo "1714"]
[BlackElo "1815"]
[PlyCount "59"]
[EventDate "1997.08.16"]

1.e4 g6 2.d4 Bg7 3.Nc3 c6 4.Nf3 d5 5.exd5 cxd5 6.Bb5+ Nc6 7.Ne5 Bd7 8.Bf4 
Nf6 9.Nxd7 Qxd7 10.Be5 O-O 11.O-O a6 12.Bxc6 Qxc6 13.Ne2 Rac8 14.c3 Ne4 
15.Bxg7 Kxg7 16.Ng3 Nxg3 17.hxg3 b5 18.f4 Qd6 19.g4 b4 20.Rf3 Rc4 21.Qe1 
bxc3 22.bxc3 Qc7 23.g5 Rc8 24.Rc1 Rxd4 25.Qh4 e5 26.Qh6+ Kg8 27.fxe5 Qxe5 
28.Rcf1 Rd2 29.Rxf7 Qd6 30.Qxh7# 1-0

[Event "Festival A"]
[Site "Santa Flavia ITA"]
[Date "1997.08.18"]
[Round "3"]
[White "Stock, Juergen"]
[Black "Tripodo, Roberto"]
[Result "1-0"]
[WhiteElo "2050"]
[BlackElo "1735"]
[PlyCount "35"]
[EventDate "1997.08.16"]

1.d4 c5 2.e3 e6 3.Bd3 d5 4.c3 Nc6 5.f4 cxd4 6.exd4 Bd6 7.Nf3 Qc7 8.Ne5 Qe7
9.O-O Nf6 10.Nd2 Bd7 11.Qe2 O-O 12.Rf3 Nh5 13.Bxh7+ Kxh7 14.Rh3 g6 15.g4 
Bxe5 16.fxe5 Rh8 17.Nf3 Rag8 18.Bg5 1-0

[Event "Festival A"]
[Site "Santa Flavia ITA"]
[Date "1997.08.18"]
[Round "3"]
[White "Vallifuoco, Giacomo"]
[Black "Dorenberg, Gaston"]
[Result "1-0"]
[WhiteElo "2395"]
[BlackElo "2365"]
[PlyCount "39"]
[EventDate "1997.08.16"]

1.d4 Nf6 2.c4 e6 3.Nf3 b6 4.g3 Ba6 5.b3 d5 6.cxd5 exd5 7.Bg2 Bd6 8.O-O O-O
9.Nc3 c6 10.Qc2 Nbd7 11.Rd1 Re8 12.Bf4 Bxf4 13.gxf4 Nh5 14.e3 Re6 15.Rac1 
Rh6 16.Ne2 Bxe2 17.Qxe2 Qe7 18.Qa6 Nb8 19.Qc8+ Qf8 20.Qb7 1-0

[Event "Festival A"]
[Site "Santa Flavia ITA"]
[Date "1997.08.18"]
[Round "3"]
[White "Xheladini, Mahmut"]
[Black "Rosin, Federico"]
[Result "1-0"]
[WhiteElo "2310"]
[BlackElo "2260"]
[PlyCount "95"]
[EventDate "1997.08.16"]

1.e4 d5 2.Nc3 d4 3.Nce2 e5 4.f4 Nc6 5.Nf3 f6 6.h3 Be6 7.d3 Bc5 8.c3 dxc3 
9.bxc3 Nge7 10.d4 exd4 11.cxd4 Bb4+ 12.Kf2 O-O 13.Be3 Re8 14.g4 Ba5 15.Ng3
Bb6 16.Bb5 a6 17.Ba4 Ba7 18.Re1 b5 19.Bc2 Na5 20.Kg2 Nc4 21.Bf2 c6 22.Bb3 
Qc7 23.Qc1 Ng6 24.Nh5 Bf7 25.f5 Ne7 26.Ng3 Rad8 27.g5 Kh8 28.gxf6 gxf6 29.
Qh6 Ng8 30.Qh4 Bb8 31.Ne2 Nd6 32.Bg3 Qd7 33.Bc2 Nc4 34.Nf4 Bxf4 35.Bxf4 
Qe7 36.e5 fxe5 37.Bg5 Qc7 38.Bxd8 Rxd8 39.dxe5 Bd5 40.Be4 Bxe4 41.Rxe4 Nd2
42.Rd4 Rxd4 43.Qxd4 Nxf3 44.Kxf3 c5 45.Qd5 Qg7 46.Rf1 Qg5 47.f6 Nxf6 48.
Qd8+ 1-0

[Event "Festival A"]
[Site "Santa Flavia ITA"]
[Date "1997.08.19"]
[Round "4"]
[White "Bellipanni, Piero"]
[Black "Bonaccorsi, Fabrizio"]
[Result "1-0"]
[WhiteElo "1875"]
[BlackElo "2130"]
[PlyCount "81"]
[EventDate "1997.08.16"]

1.d4 d5 2.c4 e6 3.Nf3 c6 4.Nc3 dxc4 5.a4 Bb4 6.e4 b5 7.g3 Bb7 8.Bg2 a6 9.
O-O Nf6 10.Qe2 O-O 11.Rd1 Nbd7 12.Ne5 h6 13.g4 Nh7 14.Bf4 Be7 15.Bg3 Nxe5 
16.Bxe5 Bd6 17.Bxd6 Qxd6 18.e5 Qe7 19.Ne4 Rfd8 20.Nc5 Nf8 21.Be4 Ng6 22.
Qe3 Rab8 23.axb5 axb5 24.f4 Ra8 25.f5 Nf8 26.f6 gxf6 27.exf6 Qxf6 28.Nxb7 
Rxa1 29.Rxa1 Qxd4 30.Qxd4 Rxd4 31.Bxc6 Rxg4+ 32.Kf2 Rh4 33.Rg1+ Ng6 34.Rg2
b4 35.Ke3 Kf8 36.Be4 f5 37.Rxg6 Rxe4+ 38.Kf3 Rh4 39.Rg2 e5 40.Nd6 Ke7 41.
Nxf5+ 1-0

[Event "Festival A"]
[Site "Santa Flavia ITA"]
[Date "1997.08.19"]
[Round "4"]
[White "Botham, Christopher Paul"]
[Black "Livecchi, Dario"]
[Result "1-0"]
[WhiteElo "2095"]
[BlackElo "1884"]
[PlyCount "94"]
[EventDate "1997.08.16"]

1.d4 Nf6 2.Nf3 g6 3.Bg5 Bg7 4.Nbd2 c5 5.c3 d5 6.e3 Nbd7 7.Bd3 b6 8.O-O Bb7
9.Qb1 O-O 10.b4 cxd4 11.cxd4 Re8 12.Qb3 Ne4 13.Bh4 Rc8 14.Bxe4 dxe4 15.Ng5
e6 16.g3 Bf6 17.Ndxe4 h6 18.Nxf7 Kxf7 19.Nd6+ Kg7 20.Nxe8+ Qxe8 21.Bxf6+ 
Nxf6 22.Rac1 Ne4 23.Qd3 Ng5 24.Rfd1 Nf3+ 25.Kf1 Nxh2+ 26.Ke1 Nf3+ 27.Ke2 
Ng5 28.Kf1 Bf3 29.Re1 Qf8 30.d5 e5 31.Qa6 Rxc1 32.Rxc1 Ne4 33.Qb7+ Kf6 34.
Qc7 Nd2+ 35.Kg1 Bxd5 36.f4 Nf3+ 37.Kf2 exf4 38.Qxf4+ Kg7 39.Rc7+ Kg8 40.
Qxf8+ Kxf8 41.Rxa7 Ne5 42.a3 Bc4 43.e4 Nf7 44.Ke3 Kg7 45.Kd4 Be2 46.e5 Bg4
47.Rb7 Kf8 1-0

[Event "Festival A"]
[Site "Santa Flavia ITA"]
[Date "1997.08.19"]
[Round "4"]
[White "Galietto, Alberto"]
[Black "Farina, Saverio"]
[Result "1/2-1/2"]
[WhiteElo "1708"]
[BlackElo "2195"]
[PlyCount "108"]
[EventDate "1997.08.16"]

1.e4 e6 2.d4 d5 3.Nd2 c5 4.c3 cxd4 5.cxd4 dxe4 6.Nxe4 Bb4+ 7.Nc3 Nf6 8.Bg5
O-O 9.Nf3 b6 10.a3 Be7 11.Be2 Bb7 12.O-O Nd5 13.Qd2 Bxg5 14.Qxg5 Qxg5 15.
Nxg5 Nd7 16.Bf3 N7f6 17.Nge4 Nxe4 18.Nxe4 Rfd8 19.Rac1 Kf8 20.Ng3 Rac8 21.
Ne2 Ke7 22.Rxc8 Rxc8 23.Rc1 Rxc1+ 24.Nxc1 Kd6 25.Ne2 Ba6 26.Nc3 Nxc3 27.
bxc3 Bc4 28.Be4 f5 29.Bb7 b5 30.Bf3 g5 31.h3 h6 32.g3 e5 33.dxe5+ Kxe5 34.
Bg2 Kd6 35.f4 gxf4 36.gxf4 Bd5 37.Bf1 Kc5 38.Be2 Bc4 39.Bd1 Bd3 40.Bb3 a5 
41.Kf2 a4 42.Ba2 Bc2 43.Be6 Bb3 44.Bxf5 Kc4 45.Bd7 Kxc3 46.Bxb5 Kb2 47.Be8
Bc2 48.Kg3 Kxa3 49.Kh4 Kb4 50.Bxa4 Bxa4 51.Kh5 Kc5 52.Kxh6 Kd6 53.f5 Ke5 
54.Kg5 Be8 1/2-1/2

[Event "Festival A"]
[Site "Santa Flavia ITA"]
[Date "1997.08.19"]
[Round "4"]
[White "Gueci, Riccardo"]
[Black "Cerrato, Roberto"]
[Result "1-0"]
[WhiteElo "2150"]
[BlackElo "1704"]
[PlyCount "97"]
[EventDate "1997.08.16"]

1.e4 e6 2.d4 d5 3.Nc3 Bb4 4.exd5 exd5 5.Bd3 Nc6 6.a3 Be7 7.Bf4 a6 8.Nce2 
Bg4 9.c3 Nf6 10.f3 Bh5 11.Ng3 Bg6 12.Nf5 O-O 13.Ne2 Qd7 14.Qc2 Ne8 15.O-O 
Nd6 16.Neg3 Rae8 17.h4 Nxf5 18.Nxf5 Bd8 19.Rae1 Ne7 20.Nxe7+ Bxe7 21.h5 
Bxd3 22.Qxd3 Bd6 23.Bxd6 Qxd6 24.Qf5 c6 25.f4 Re6 26.Re5 Rfe8 27.Rfe1 Rxe5
28.fxe5 Qe6 29.g4 g6 30.Qg5 Qe7 31.Qf4 Qh4 32.Rf1 Qe7 33.Rf2 gxh5 34.gxh5 
Kh8 35.Qxf7 Qg5+ 36.Rg2 Qe7 37.Rg7 Qxf7 38.Rxf7 b6 39.h6 Kg8 40.Rg7+ Kh8 
41.Rb7 b5 42.Rc7 Rg8+ 43.Kf2 Rg6 44.Rc8+ Rg8 45.Rxc6 Rf8+ 46.Ke3 a5 47.Rc5
b4 48.axb4 axb4 49.cxb4 1-0

[Event "Festival A"]
[Site "Santa Flavia ITA"]
[Date "1997.08.19"]
[Round "4"]
[White "Karayiannis, Costas"]
[Black "Messina, Igor"]
[Result "0-1"]
[WhiteElo "2175"]
[BlackElo "1714"]
[PlyCount "106"]
[EventDate "1997.08.16"]

1.d4 Nf6 2.c4 e6 3.Nc3 d5 4.cxd5 exd5 5.Bg5 Nbd7 6.e3 c6 7.Bd3 Be7 8.Qc2 
O-O 9.Nf3 Re8 10.h3 Nf8 11.O-O-O Ne4 12.Bf4 Nxc3 13.Qxc3 Be6 14.Kb1 Rc8 
15.Qd2 Ng6 16.Bg3 a5 17.Rc1 Bb4 18.Qd1 Qb6 19.Ka1 c5 20.Ng5 c4 21.Bc2 c3 
22.b3 Ba3 23.Qh5 Bb2+ 24.Kb1 h6 25.Nxe6 Rxe6 26.Rcd1 Qb4 27.Qe2 Rec6 28.
Bxg6 fxg6 29.Qc2 a4 30.Rc1 axb3 31.Qxb3 Qxb3 32.axb3 Bxc1 33.Rxc1 Rb6 34.
Kc2 Ra8 35.Rb1 Rc6 36.Kd3 c2 37.Rc1 Ra3 38.Rxc2 Rxb3+ 39.Kd2 Rxc2+ 40.Kxc2
Rb4 41.Bd6 Rc4+ 42.Kb2 b5 43.Be5 g5 44.f3 g6 45.e4 dxe4 46.fxe4 Kf7 47.Kb3
Ke6 48.g3 Rc1 49.Kb4 Re1 50.Kxb5 Rxe4 51.Kc4 Re3 52.Kc5 Rxe5+ 53.dxe5 Kxe5
0-1

[Event "Festival A"]
[Site "Santa Flavia ITA"]
[Date "1997.08.19"]
[Round "4"]
[White "Karsdorp, Nico"]
[Black "Galioto, Natale"]
[Result "1-0"]
[WhiteElo "1779"]
[BlackElo "1822"]
[PlyCount "43"]
[EventDate "1997.08.16"]

1.e4 e6 2.d4 d5 3.Nd2 Nf6 4.e5 Nfd7 5.f4 c5 6.c3 Nc6 7.Ndf3 Qb6 8.g3 cxd4 
9.cxd4 Bb4+ 10.Kf2 f6 11.Kg2 fxe5 12.fxe5 O-O 13.Bd3 Kh8 14.Bc2 Be7 15.Qd3
g6 16.a3 Qd8 17.h4 Rg8 18.h5 Nf8 19.Bh6 Bd7 20.Bxf8 Qxf8 21.hxg6 h6 22.Qe3
1-0

[Event "Festival A"]
[Site "Santa Flavia ITA"]
[Date "1997.08.19"]
[Round "4"]
[White "Neil, David R."]
[Black "Mazzilli, Piero"]
[Result "1/2-1/2"]
[WhiteElo "2260"]
[BlackElo "1768"]
[PlyCount "80"]
[EventDate "1997.08.16"]

1.e4 c5 2.Nc3 Nc6 3.f4 g6 4.Nf3 Bg7 5.Bb5 Nd4 6.a4 a6 7.Bc4 e6 8.d3 Ne7 9.
e5 d5 10.exd6 Nef5 11.Ne4 Nxd6 12.Nxd6+ Qxd6 13.Nxd4 Bxd4 14.c3 Bg7 15.O-O
O-O 16.a5 b5 17.axb6 Qxb6 18.Qa4 Bb7 19.Qa5 Qc6 20.Rf2 e5 21.fxe5 Rae8 22.
Qa4 Qxa4 23.Rxa4 Rxe5 24.Bd2 h5 25.Kf1 Bd5 26.Bxa6 Rfe8 27.Bc4 f5 28.g3 
Bf6 29.b4 Bxc4 30.dxc4 h4 31.b5 Re4 32.Ra6 Kf7 33.Ra7+ R8e7 34.Rxe7+ Rxe7 
35.Re2 Rxe2 36.Kxe2 hxg3 37.hxg3 g5 38.Kf3 Ke6 39.g4 f4 40.Ke4 Bd8 1/2-1/2

[Event "Festival A"]
[Site "Santa Flavia ITA"]
[Date "1997.08.19"]
[Round "4"]
[White "Povah, Nigel E."]
[Black "Xheladini, Mahmut"]
[Result "0-1"]
[WhiteElo "2325"]
[BlackElo "2310"]
[PlyCount "82"]
[EventDate "1997.08.16"]

1.d4 Nc6 2.Nf3 d6 3.e4 Bg4 4.Bb5 a6 5.Ba4 b5 6.Bb3 Nf6 7.c3 e6 8.Qe2 Be7 
9.Bg5 e5 10.Qd3 Bxf3 11.gxf3 h6 12.Be3 Na5 13.Bc2 Qc8 14.Nd2 c5 15.f4 Ng4 
16.O-O-O exf4 17.Bxf4 Nxf2 18.Qg3 Nxh1 19.Qxg7 Kd7 20.e5 Qg8 21.Bf5+ Kc6 
22.Qxg8 Rhxg8 23.Rxh1 cxd4 24.cxd4 Bg5 25.Rf1 Nc4 26.Nxc4 bxc4 27.exd6 
Bxf4+ 28.Rxf4 Kxd6 29.Be4 Rae8 30.Kc2 f5 31.Bb7 Re2+ 32.Kc3 Rb8 33.Bxa6 
Rbxb2 34.Bxc4 Rbc2+ 35.Kd3 Red2+ 36.Ke3 Rxh2 37.Bd3 Rc3 38.Rf3 Rxa2 39.Kf4
Raa3 40.Be2 Rxf3+ 41.Bxf3 Ke6 0-1

[Event "Festival A"]
[Site "Santa Flavia ITA"]
[Date "1997.08.19"]
[Round "4"]
[White "Roberti, Ignazio"]
[Black "Capozzoli, Silvio"]
[Result "1-0"]
[WhiteElo "1721"]
[BlackElo "1806"]
[PlyCount "113"]
[EventDate "1997.08.16"]

1.e4 c5 2.Nf3 Nc6 3.d4 cxd4 4.Nxd4 Nf6 5.Nc3 g6 6.Be3 Bg7 7.Bc4 Qa5 8.f3 
Qb4 9.Bb3 Nxe4 10.Nxc6 Bxc3+ 11.bxc3 Qxc3+ 12.Ke2 dxc6 13.Qd4 Qxd4 14.Bxd4
Nf6 15.Rhe1 O-O 16.Kf2 Rd8 17.Rxe7 Nd5 18.Bxd5 cxd5 19.Rae1 Bd7 20.Kg3 b6 
21.Kf4 Rac8 22.Kg5 Rxc2 23.Rxd7 Rxg2+ 24.Kf6 Rf8 25.Ree7 Rd2 26.Be3 Rd3 
27.Rxa7 d4 28.Bh6 Rxf3+ 29.Ke5 Rd8 30.Rad7 Rc8 31.Rxd4 Rf2 32.Rd2 Rf5+ 33.
Kd6 Rh5 34.Kd7 Ra8 35.Bf4 Ra7+ 36.Ke8 Ra8+ 37.Rd8 Rxa2 38.Be5 Rxe5 39.Rxe5
Rxh2 40.Ke7+ Kg7 41.Rd6 Rb2 42.Rf6 b5 43.Rxf7+ Kh6 44.Ke6 b4 45.Rb7 b3 46.
Re3 g5 47.Kf5 Rf2+ 48.Kg4 Rf6 49.Rexb3 Kg6 50.R3b6 h5+ 51.Kg3 Rxb6 52.
Rxb6+ Kf5 53.Rb5+ Kg6 54.Ra5 Kf6 55.Kf3 Kg6 56.Ke4 h4 57.Kf3 1-0

[Event "Festival A"]
[Site "Santa Flavia ITA"]
[Date "1997.08.19"]
[Round "4"]
[White "Rosin, Federico"]
[Black "Vallifuoco, Giacomo"]
[Result "0-1"]
[WhiteElo "2260"]
[BlackElo "2395"]
[PlyCount "61"]
[EventDate "1997.08.16"]

1.d4 Nf6 2.Bg5 Ne4 3.Bh4 c5 4.Nd2 Nxd2 5.Qxd2 cxd4 6.Nf3 Nc6 7.Nxd4 Qb6 8.
c3 d5 9.O-O-O e5 10.Nxc6 bxc6 11.e4 Be6 12.exd5 cxd5 13.f4 Bc5 14.Re1 exf4
15.Qxf4 O-O 16.Bd3 Rab8 17.Re2 Rfc8 18.Qg3 Bd6 19.Qf2 d4 20.Rxe6 fxe6 21.
Rf1 dxc3 22.b3 Qxf2 23.Rxf2 Bxh2 24.Bc4 Rxc4 25.bxc4 Rc8 26.Be7 h6 27.Re2 
Rxc4 28.Rxe6 c2 29.Bd6 Kf7 30.Re7+ Kf6 31.Rd7 0-1

[Event "Festival A"]
[Site "Santa Flavia ITA"]
[Date "1997.08.19"]
[Round "4"]
[White "Ruzza, Claudio"]
[Black "Gambardella, Piero"]
[Result "0-1"]
[WhiteElo "1815"]
[BlackElo "1692"]
[PlyCount "78"]
[EventDate "1997.08.16"]

1.d4 d5 2.Nf3 Nf6 3.e3 g6 4.Bd3 Bg7 5.Nbd2 O-O 6.c3 c6 7.O-O Nbd7 8.e4 
dxe4 9.Nxe4 Nxe4 10.Bxe4 Qc7 11.Bg5 e5 12.d5 cxd5 13.Bxd5 Nc5 14.Qe2 Bf5 
15.Rad1 Ne6 16.Be3 Bg4 17.h3 Bxf3 18.Qxf3 Rfe8 19.Bxb7 Rab8 20.Bc6 Re7 21.
Bc1 Nc5 22.Bd5 e4 23.Qe2 Rbe8 24.Bg5 Re5 25.Bf4 Kh8 26.Bxe5 Bxe5 27.Qc4 e3
28.b4 e2 29.Qxe2 Bh2+ 30.Kh1 Rxe2 31.bxc5 Be5 32.c6 Bxc3 33.Rb1 Qe5 34.
Bxf7 Ba5 35.Bc4 Rc2 36.Rbc1 Rxc1 37.Rxc1 Qf4 38.Rc2 Bc7 39.g3 Qe4+ 0-1

[Event "Festival A"]
[Site "Santa Flavia ITA"]
[Date "1997.08.19"]
[Round "4"]
[White "Stock, Juergen"]
[Black "Tozer, Richard J.D."]
[Result "0-1"]
[WhiteElo "2050"]
[BlackElo "2340"]
[PlyCount "44"]
[EventDate "1997.08.16"]

1.d4 f5 2.Nf3 Nf6 3.h3 d6 4.g4 fxg4 5.hxg4 Bxg4 6.Qd3 Bxf3 7.exf3 c6 8.Bh3
g6 9.Be6 Qa5+ 10.Bd2 Qb5 11.Qxb5 cxb5 12.Nc3 a6 13.O-O-O Nc6 14.Be3 Bg7 
15.Rdg1 Nd8 16.Bb3 e6 17.Bf4 d5 18.Ne2 Nc6 19.Bd6 Kd7 20.Bc5 Rab8 21.a4 b6
22.axb5 axb5 0-1

[Event "Festival A"]
[Site "Santa Flavia ITA"]
[Date "1997.08.20"]
[Round "5"]
[White "Bonaccorsi, Fabrizio"]
[Black "Tripodo, Roberto"]
[Result "1-0"]
[WhiteElo "2130"]
[BlackElo "1735"]
[PlyCount "57"]
[EventDate "1997.08.16"]

1.e4 c5 2.Nf3 e6 3.d3 Nc6 4.g3 d6 5.Bg2 Be7 6.O-O Nf6 7.Re1 Qc7 8.c3 O-O 
9.d4 Rd8 10.Qe2 cxd4 11.cxd4 e5 12.d5 Nb4 13.Nc3 b6 14.Bg5 Ba6 15.Qd2 Nd3 
16.Re3 Nc5 17.b4 Ng4 18.Bxe7 Qxe7 19.bxc5 Nxe3 20.cxd6 Qxd6 21.Qxe3 Rac8 
22.a4 Qb4 23.Nb5 Qb2 24.Qa3 Qc2 25.Nxe5 Re8 26.Nc6 Rxc6 27.dxc6 Qxc6 28.
Rc1 Qf6 29.Nc7 1-0

[Event "Festival A"]
[Site "Santa Flavia ITA"]
[Date "1997.08.20"]
[Round "5"]
[White "Cerrato, Roberto"]
[Black "Rosin, Federico"]
[Result "0-1"]
[WhiteElo "1704"]
[BlackElo "2260"]
[PlyCount "96"]
[EventDate "1997.08.16"]

1.d4 d5 2.Nf3 Nf6 3.Bf4 e6 4.e3 Bd6 5.Ne5 O-O 6.Nd2 c5 7.c3 Nc6 8.Ndf3 Ne4
9.Bd3 f6 10.Nxc6 bxc6 11.Qc2 Bxf4 12.exf4 cxd4 13.Nxd4 c5 14.Nf3 Bb7 15.
O-O Qe7 16.g3 Qc7 17.Rae1 c4 18.Be2 Rae8 19.Nd4 Qb6 20.Bg4 e5 21.Ne2 Nc5 
22.Bf5 Ne4 23.b3 g6 24.Bh3 cxb3 25.Qxb3 Qxb3 26.axb3 Nd2 27.Ra1 Nxf1 28.
Rxa7 Nxg3 29.hxg3 Re7 30.Bg2 Ra8 31.Rxb7 Ra1+ 32.Kh2 Rxb7 33.Bxd5+ Rf7 34.
Kg2 Kf8 35.Bxf7 Kxf7 36.Kf3 Ke6 37.Ke4 Ra2 38.Kd3 h5 39.b4 g5 40.fxe5 fxe5
41.Ke3 h4 42.gxh4 gxh4 43.Kf3 Kf5 44.Ke3 Rb2 45.f4 h3 46.Ng3+ Kg4 47.Nh1 
exf4+ 48.Ke4 Rh2 0-1

[Event "Festival A"]
[Site "Santa Flavia ITA"]
[Date "1997.08.20"]
[Round "5"]
[White "Ciampi, Vincenzo"]
[Black "Stock, Juergen"]
[Result "1-0"]
[WhiteElo "2165"]
[BlackElo "2050"]
[PlyCount "35"]
[EventDate "1997.08.16"]

1.e4 e6 2.d4 b6 3.Bd3 Ba6 4.c4 d5 5.cxd5 Bxd3 6.Qxd3 exd5 7.e5 c5 8.Nf3 
Nc6 9.O-O Nge7 10.dxc5 bxc5 11.Nc3 a6 12.Re1 g6 13.Bg5 Bg7 14.Rad1 d4 15.
Ne4 Nb4 16.Nd6+ Kf8 17.Qc4 Nbd5 18.Bxe7+ 1-0

[Event "Festival A"]
[Site "Santa Flavia ITA"]
[Date "1997.08.20"]
[Round "5"]
[White "Farina, Saverio"]
[Black "Karsdorp, Nico"]
[Result "1/2-1/2"]
[WhiteElo "2195"]
[BlackElo "1779"]
[PlyCount "59"]
[EventDate "1997.08.16"]

1.d4 Nf6 2.c4 e6 3.a3 b6 4.Nc3 Bb7 5.d5 d6 6.e4 Nbd7 7.Nge2 e5 8.Ng3 g6 9.
Be2 Bg7 10.Be3 a6 11.a4 a5 12.Qd2 h5 13.h4 Nc5 14.Ra3 Bc8 15.Bg5 Bd7 16.
Qd1 Qc8 17.f3 O-O 18.Qd2 Kh7 19.O-O Ng8 20.Bd1 f6 21.Be3 Bh6 22.Bc2 Bxe3+ 
23.Qxe3 Nh6 24.Raa1 Kg7 25.Rf2 Qe8 26.Nb5 Rc8 27.Na7 Ra8 28.Nb5 Rc8 29.Na7
Ra8 30.Nb5 1/2-1/2

[Event "Festival A"]
[Site "Santa Flavia ITA"]
[Date "1997.08.20"]
[Round "5"]
[White "Galioto, Natale"]
[Black "Caizzone, Vito"]
[Result "1-0"]
[WhiteElo "1822"]
[BlackElo "2016"]
[PlyCount "69"]
[EventDate "1997.08.16"]

1.e4 e6 2.d4 d5 3.Nd2 Nf6 4.e5 Nfd7 5.Bd3 c5 6.c3 Nc6 7.Ndf3 Be7 8.Ne2 Nb6
9.O-O Bd7 10.a4 c4 11.Bc2 Na5 12.Nd2 Qc7 13.b3 cxb3 14.Nxb3 Nbc4 15.Nf4 g6
16.Nd3 b6 17.Nxa5 Nxa5 18.Ba3 Qxc3 19.Bxe7 Kxe7 20.Qf3 Raf8 21.Qf6+ Ke8 
22.Rac1 Nc4 23.a5 Qxd4 24.axb6 Qxb6 25.Rb1 Bb5 26.Rxb5 Qxb5 27.Rb1 Qc6 28.
Rb8+ Kd7 29.Ba4 Rxb8 30.Bxc6+ Kxc6 31.h3 Rhf8 32.Qe7 Nb6 33.Qd6+ Kb5 34.
Qc5+ Ka6 35.Nb4+ 1-0

[Event "Festival A"]
[Site "Santa Flavia ITA"]
[Date "1997.08.20"]
[Round "5"]
[White "Gambardella, Piero"]
[Black "Roberti, Ignazio"]
[Result "0-1"]
[WhiteElo "1692"]
[BlackElo "1721"]
[PlyCount "52"]
[EventDate "1997.08.16"]

1.d4 Nf6 2.Bg5 Ne4 3.Bf4 d5 4.f3 Nf6 5.e4 e6 6.Nc3 c5 7.Bb5+ Nc6 8.Nge2 
Be7 9.Qd2 O-O 10.Bxc6 bxc6 11.dxc5 Bxc5 12.O-O-O Qa5 13.Nd4 Nd7 14.Nb3 Qd8
15.exd5 cxd5 16.Nxd5 exd5 17.Qxd5 Qb6 18.Rhe1 a5 19.Nxc5 Nxc5 20.Qxa8 Be6 
21.Rd6 Qb4 22.Qxf8+ Kxf8 23.Bd2 Nb3+ 24.axb3 Qxd6 25.Bxa5 Qxh2 26.Bb4+ Ke8
0-1